013_ Personnalités nées un 13 janvier par images - Statistiques

Statistiques générales
  • Ce quiz a été pris 42 fois
  • Le résultat moyen est 2 sur 9
Statistiques - réponses
Par images Hint Réponse % Correct
Acteur Orlando Bloom
78%
Dessinateur Cabu
58%
Chanteur Richard Anthony
18%
Chanteur Julian Perretta
8%
Danseur Roland Petit
8%
Dessinateur Jijé
3%
Actrice Françoise Prévost
0%
Actrice Gwen Verdon
0%
Physcien Wilhelm Wien
0%
Aucun quiz correspondant
Distribution des résultats
% des personnes avec chaque résultat
Percentile par nombre de réponses
Votre historique - résultats
Vous n’avez pas pris ce quiz